[Event "ch-RUS Blitz 2016"]
[Site "Sochi RUS"]
[Date "2016.10.04"]
[Round "1.1"]
[White "Artemiev, Vladislav"]
[Black "Shtyka, Sergey"]
[Result "1-0"]
[WhiteTitle "GM"]
[BlackTitle "FM"]
[WhiteElo "2663"]
[BlackElo "2248"]
[WhiteFideId "24101605"]
[BlackFideId "4138465"]
[EventDate "2016.10.04"]

1. d4 c5 2. dxc5 e5 3. g3 Bxc5 4. Bg2 Nf6 5. Nf3 Nc6 6. O-O O-O 7. Bg5 h6 8.
Bxf6 Qxf6 9. Nc3 d6 10. Nd2 Be6 11. Nde4 Qe7 12. Nd5 Bxd5 13. Qxd5 Nb4 14. Qb3
Rab8 15. Rad1 Na6 16. Rd2 Rfd8 17. Rfd1 b6 18. Qa4 Nc7 19. b4 b5 20. Qb3 Bb6 21.
Nxd6 Ne6 22. c3 Qf6 23. Ne4 Qe7 24. e3 Rxd2 25. Rxd2 Rd8 26. Qd1 Kh7 27. h4 Rxd2
28. Qxd2 f5 29. Nd6 g6 30. h5 f4 31. Qd3 Qf6 32. hxg6+ Qxg6 33. Be4 1-0

[Event "ch-RUS Blitz 2016"]
[Site "Sochi RUS"]
[Date "2016.10.04"]
[Round "1.2"]
[White "Gubsky, Egor"]
[Black "Dubov, Daniil"]
[Result "0-1"]
[BlackTitle "GM"]
[WhiteElo "2284"]
[BlackElo "2648"]
[WhiteFideId "4194055"]
[BlackFideId "24126055"]
[EventDate "2016.10.04"]

1. d4 Nf6 2. c4 c5 3. d5 b5 4. cxb5 a6 5. bxa6 g6 6. Nc3 Bg7 7. Nf3 O-O 8. e4
Qa5 9. Nd2 Bxa6 10. Be2 d6 11. O-O Nfd7 12. Ndb1 Rc8 13. Re1 Bxe2 14. Rxe2 Na6
15. Bg5 Re8 16. Bd2 Qb6 17. Na4 Qb7 18. Nbc3 Nb4 19. b3 Nd3 20. Qc2 Qa6 21. Be3
c4 22. Rd1 Rec8 23. Qd2 Rab8 24. bxc4 N3e5 25. c5 Nxc5 26. Bxc5 dxc5 27. h3 Rb4
28. Qc2 Nc4 29. Kh1 Na3 30. Qd3 c4 31. Qg3 Rxa4 32. Nxa4 Qxa4 33. Rc1 c3 34. d6
exd6 35. Qxd6 c2 36. Qd3 Bb2 37. Ree1 Bxc1 38. Rxc1 Qb4 39. e5 Qb2 40. Qe3 Rd8 0-1

[Event "ch-RUS Blitz 2016"]
[Site "Sochi RUS"]
[Date "2016.10.04"]
[Round "1.3"]
[White "Vitiugov, Nikita"]
[Black "Rozhko, Dmitry"]
[Result "1-0"]
[WhiteTitle "GM"]
[BlackTitle "FM"]
[WhiteElo "2721"]
[BlackElo "2324"]
[WhiteFideId "4152956"]
[BlackFideId "4150430"]
[EventDate "2016.10.04"]

1. d4 d5 2. c4 c6 3. Nf3 Nf6 4. Nc3 g6 5. cxd5 cxd5 6. Bf4 Bg7 7. e3 O-O 8. h3
Qb6 9. Qb3 Qxb3 10. axb3 Nc6 11. Bb5 Bd7 12. Ne5 Nxe5 13. dxe5 Bxb5 14. exf6
Bxf6 15. Nxb5 Bxb2 16. Ra2 Bf6 17. Ke2 e5 18. Bh6 Rfc8 19. Rd1 Rc5 20. Rxa7 Rxa7
21. Nxa7 d4 22. exd4 exd4 23. b4 Rc4 24. Bd2 Be7 25. Kd3 Rc7 26. Nb5 Rd7 27. Rc1
Rd5 28. Nxd4 Bf6 29. Be3 g5 30. Rc5 Rd8 31. Kc4 h6 32. Nf5 Kh7 33. Bd4 Bxd4 34.
Nxd4 Kg6 35. Rc7 1-0

[Event "ch-RUS Blitz 2016"]
[Site "Sochi RUS"]
[Date "2016.10.04"]
[Round "1.4"]
[White "Taysayev, Timur"]
[Black "Riazantsev, Alexander"]
[Result "0-1"]
[BlackTitle "GM"]
[WhiteElo "2241"]
[BlackElo "2651"]
[WhiteFideId "4114221"]
[BlackFideId "4125029"]
[EventDate "2016.10.04"]

1. e4 c6 2. d4 d5 3. Nc3 dxe4 4. Nxe4 Bf5 5. Ng3 Bg6 6. Nf3 Nd7 7. h4 h6 8. h5
Bh7 9. Bd3 Bxd3 10. Qxd3 e6 11. Bd2 Bd6 12. Ne4 Bc7 13. O-O-O Ngf6 14. g3 Nxe4
15. Qxe4 Nf6 16. Qe2 Qd5 17. c4 Qe4 18. Be3 O-O 19. Rh4 Qh7 20. Ne5 Rfd8 21. g4
Bxe5 22. dxe5 Nd7 23. g5 Nxe5 24. Rg1 Nd3+ 25. Kb1 Nb4+ 26. Ka1 Nc2+ 0-1

[Event "ch-RUS Blitz 2016"]
[Site "Sochi RUS"]
[Date "2016.10.04"]
[Round "1.5"]
[White "Ponkratov, Pavel"]
[Black "Gubernatorov, Sergey"]
[Result "1-0"]
[WhiteTitle "GM"]
[BlackTitle "FM"]
[WhiteElo "2589"]
[BlackElo "2301"]
[WhiteFideId "4157800"]
[BlackFideId "4148215"]
[EventDate "2016.10.04"]

1. e4 c5 2. Nf3 g6 3. c3 Bg7 4. d4 cxd4 5. cxd4 d5 6. e5 Nh6 7. h3 O-O 8. Nc3
Nc6 9. Bb5 Bf5 10. O-O Be4 11. Bxc6 bxc6 12. Nd2 Nf5 13. Nb3 Nh4 14. Nxe4 dxe4
15. Qg4 Nf5 16. Qxe4 e6 17. Be3 Qd5 18. Qxd5 cxd5 19. Nc5 Rfc8 20. Rfc1 a5 21.
b3 Bf8 22. Rc2 Rc6 23. Rac1 Rac8 24. g4 Nxe3 25. fxe3 Be7 26. Kf2 Kg7 27. Nxe6+ 1-0

[Event "ch-RUS Blitz 2016"]
[Site "Sochi RUS"]
[Date "2016.10.04"]
[Round "1.6"]
[White "Oganyan, Arsen"]
[Black "Andreikin, Dmitry"]
[Result "0-1"]
[BlackTitle "GM"]
[WhiteElo "2282"]
[BlackElo "2736"]
[WhiteFideId "4175492"]
[BlackFideId "4158814"]
[EventDate "2016.10.04"]

1. d4 d5 2. c4 c6 3. Nf3 Nf6 4. Qc2 dxc4 5. Qxc4 Bf5 6. g3 e6 7. Bg2 Nbd7 8. O-O
Be7 9. e3 O-O 10. Nc3 Nb6 11. Qe2 Ne4 12. Nd2 Nxc3 13. bxc3 Na4 14. e4 Bg6 15.
Qd3 Rc8 16. Nc4 c5 17. Ba3 cxd4 18. cxd4 Bxa3 19. Nxa3 Rc3 20. Qb5 Rxa3 21. Qb4
Rd3 22. Qxa4 Qxd4 23. Qxd4 Rxd4 24. f3 Rfd8 25. Rf2 e5 26. h4 f6 27. Rc1 Rd1+
28. Rxd1 Rxd1+ 29. Kh2 Be8 30. Rc2 Bc6 31. Bh3 Kf8 32. Kg2 Ke7 33. Kf2 Kd6 34.
Bf1 b5 35. Be2 Rd4 36. Bf1 a5 37. Ke3 Ra4 38. Be2 Ra3+ 39. Kf2 b4 40. Bc4 Rc3
41. Rd2+ Kc5 42. Bg8 a4 43. Bxh7 b3 44. axb3 axb3 45. Ke2 Bb5+ 46. Kd1 Rxf3 47.
Kc1 Rxg3 48. Kb2 Kb4 49. Bg8 Re3 50. Rg2 Rxe4 51. Bxb3 Re2+ 52. Rxe2 Bxe2 53.
Be6 Bd3 54. Kc1 Kc3 55. Kd1 e4 56. Ke1 e3 57. Bg4 f5 0-1

[Event "ch-RUS Blitz 2016"]
[Site "Sochi RUS"]
[Date "2016.10.04"]
[Round "1.7"]
[White "Morozevich, Alexander"]
[Black "Linker, Mikhail"]
[Result "1-0"]
[WhiteTitle "GM"]
[WhiteElo "2683"]
[BlackElo "2246"]
[WhiteFideId "4116992"]
[BlackFideId "14101734"]
[EventDate "2016.10.04"]

1. d4 Nf6 2. c4 e6 3. Nc3 Bb4 4. Qc2 c5 5. dxc5 Bxc5 6. Nf3 a6 7. Bg5 d6 8. e3
Nbd7 9. Be2 Qc7 10. O-O O-O 11. Rfd1 Rb8 12. a3 Ba7 13. Rac1 h6 14. Bh4 Ng4 15.
Ne4 Nxe3 16. fxe3 Bxe3+ 17. Kh1 Bxc1 18. Qxc1 b5 19. Nxd6 bxc4 20. Be7 Nb6 21.
Bxf8 Kxf8 22. Ne5 Bb7 23. Nexf7 Nd5 24. Bxc4 Qb6 25. Nxb7 Qxb7 26. Rf1 Kg8 27.
Nxh6+ gxh6 28. Qxh6 Qc6 29. Qg6+ Kh8 30. Rf7 1-0

[Event "ch-RUS Blitz 2016"]
[Site "Sochi RUS"]
[Date "2016.10.04"]
[Round "1.8"]
[White "Alexeev, Alexey"]
[Black "Grachev, Boris"]
[Result "0-1"]
[WhiteTitle "IM"]
[BlackTitle "GM"]
[WhiteElo "2300"]
[BlackElo "2628"]
[WhiteFideId "14106663"]
[BlackFideId "4129199"]
[EventDate "2016.10.04"]

1. e4 c5 2. a3 Nc6 3. b4 Nf6 4. b5 Nd4 5. c3 Ne6 6. e5 Nd5 7. Qb3 Nb6 8. a4 d6
9. a5 Nd7 10. exd6 exd6 11. Nf3 Nf6 12. d4 d5 13. Be2 Bd6 14. O-O O-O 15. Rd1
Re8 16. Qc2 Qc7 17. Bd3 c4 18. Bf5 g6 19. Bxe6 Bxe6 20. Ba3 Bf5 21. Qb2 Bf4 22.
h3 Bd3 23. Nbd2 Re2 24. Re1 Rae8 25. Rxe2 Rxe2 26. Re1 Rxe1+ 27. Nxe1 Qxa5 28.
Be7 Ne4 29. Nxe4 dxe4 30. g3 Qc7 31. Bc5 b6 32. Ba3 Bd6 33. Bxd6 Qxd6 34. Qd2
Qd7 35. Qf4 0-1

[Event "ch-RUS Blitz 2016"]
[Site "Sochi RUS"]
[Date "2016.10.04"]
[Round "1.9"]
[White "Khairullin, Ildar"]
[Black "Tenikashvili, Georgij"]
[Result "1-0"]
[WhiteTitle "GM"]
[BlackTitle "FM"]
[WhiteElo "2630"]
[BlackElo "2305"]
[WhiteFideId "4151348"]
[BlackFideId "4134605"]
[EventDate "2016.10.04"]

1. Nf3 d5 2. g3 c6 3. Bg2 Bg4 4. h3 Bh5 5. O-O Nf6 6. d3 e6 7. c4 Nbd7 8. cxd5
cxd5 9. Nc3 Bb4 10. Qb3 a5 11. a3 Bxc3 12. bxc3 Rb8 13. a4 O-O 14. Ba3 Re8 15.
Rfe1 b6 16. Nd4 Rc8 17. Nb5 Nc5 1-0

[Event "ch-RUS Blitz 2016"]
[Site "Sochi RUS"]
[Date "2016.10.04"]
[Round "1.10"]
[White "Kovalev, Egor"]
[Black "Alekseev, Evgeny"]
[Result "0-1"]
[WhiteTitle "FM"]
[BlackTitle "GM"]
[WhiteElo "2339"]
[BlackElo "2636"]
[WhiteFideId "24124117"]
[BlackFideId "4138147"]
[EventDate "2016.10.04"]

1. Nf3 c5 2. g3 Nc6 3. d4 cxd4 4. Nxd4 g6 5. Bg2 Bg7 6. Nb3 d6 7. O-O Be6 8. e4
Qd7 9. Re1 h5 10. h4 Rc8 11. c3 Nf6 12. Bg5 O-O 13. Nd4 Bg4 14. Qd2 Ne5 15. Na3
a6 16. Bh6 b5 17. Bxg7 Kxg7 18. f4 Nc4 19. Nxc4 Rxc4 20. e5 Ne8 21. Qe3 e6 22.
a4 bxa4 23. Bf1 Rc5 24. Bxa6 Nc7 25. Bf1 Rb8 26. exd6 Qxd6 27. Qf2 Qb6 28. Rxa4
Qxb2 29. Qxb2 Rxb2 30. Rb4 Ra2 31. c4 Ra3 32. Kf2 Rca5 33. Re3 Na6 34. Rxa3 Rxa3
35. Rb6 Nc5 36. Bg2 Nd3+ 37. Kg1 Ra1+ 38. Kh2 Ra2 39. Kg1 Ra1+ 40. Kh2 Rc1 41.
Rb3 Ne1 42. Nc6 Rc2 0-1

[Event "ch-RUS Blitz 2016"]
[Site "Sochi RUS"]
[Date "2016.10.04"]
[Round "1.12"]
[White "Sanin, Andrey"]
[Black "Bocharov, Dmitry"]
[Result "0-1"]
[BlackTitle "GM"]
[WhiteElo "2222"]
[BlackElo "2611"]
[WhiteFideId "14125390"]
[BlackFideId "4138716"]
[EventDate "2016.10.04"]

1. e4 g6 2. d4 Bg7 3. Nc3 d6 4. h4 h6 5. Be2 a6 6. a4 Nc6 7. Be3 e5 8. dxe5 Nxe5
9. f4 Nc6 10. Qd2 h5 11. O-O-O Nh6 12. Nf3 Ng4 13. Bg1 O-O 14. Nd4 Bd7 15. Kb1
b5 16. Bxg4 hxg4 17. h5 Ne7 18. Nde2 b4 19. Nd5 Nxd5 20. Qxd5 Be6 21. Qd2 b3 22.
Bd4 bxc2+ 23. Qxc2 Bxd4 24. Nxd4 g5 25. f5 Bd7 26. Qc3 Qf6 27. Ne2 Qxc3 28. Nxc3
Bc6 29. Rhe1 Rfe8 30. Rd4 Re7 31. Rc4 Bb7 32. e5 dxe5 33. f6 Re6 34. Rxg4 Rxf6
35. Rxg5+ Kh7 36. Rexe5 Rg8 37. Rxg8 Kxg8 38. g4 Rf4 39. g5 Rg4 40. Rc5 Bf3 41.
h6 c6 42. Ka2 Kh7 43. Rf5 Bg2 44. Rxf7+ Kg8 45. Rf5 Bh3 46. Rc5 Bg2 47. Kb3 Kf7
48. Ne2 Bd5+ 49. Kc3 Rxg5 50. Nd4 Rg3+ 51. Kc2 Rg4 52. Nxc6 Bxc6 53. Rxc6 Rxa4
54. Rc7+ Kg8 55. h7+ Kh8 56. Kc3 Rh4 57. b4 Rh6 0-1

[Event "ch-RUS Blitz 2016"]
[Site "Sochi RUS"]
[Date "2016.10.04"]
[Round "1.14"]
[White "Shandrygin, Nikita"]
[Black "Sakaev, Konstantin"]
[Result "0-1"]
[WhiteTitle "FM"]
[BlackTitle "GM"]
[WhiteElo "2222"]
[BlackElo "2594"]
[WhiteFideId "24198668"]
[BlackFideId "4104226"]
[EventDate "2016.10.04"]

1. Nf3 Nf6 2. g3 d5 3. Bg2 c6 4. O-O Bf5 5. d4 e6 6. b3 Nbd7 7. Bb2 Bd6 8. Nbd2
O-O 9. c4 Qe7 10. a3 h6 11. Re1 Ne4 12. e3 Bg6 13. Qe2 f5 14. Ne5 Bxe5 15. dxe5
Ndc5 16. cxd5 Nxd2 17. d6 Qd7 18. b4 Ncb3 19. Rad1 a5 20. Bc3 Ne4 21. Qc4 Nxc3
22. Qxc3 a4 23. f4 Rfc8 24. Bf1 b5 25. Bg2 Rab8 26. Qd3 c5 27. Re2 cxb4 28. axb4
Bh5 0-1

[Event "ch-RUS Blitz 2016"]
[Site "Sochi RUS"]
[Date "2016.10.04"]
[Round "1.15"]
[White "Pridorozhni, Aleksei"]
[Black "Bochkarev, Yuriy"]
[Result "1/2-1/2"]
[WhiteTitle "GM"]
[WhiteElo "2579"]
[BlackElo "2202"]
[WhiteFideId "4127870"]
[BlackFideId "24167231"]
[EventDate "2016.10.04"]

1. e4 d6 2. d4 e5 3. d5 Be7 4. c4 Bg5 5. Nc3 Bxc1 6. Rxc1 Ne7 7. Bd3 O-O 8. Nge2
b6 9. f4 exf4 10. Nxf4 Ng6 11. Nxg6 fxg6 12. Qd2 Bg4 13. Qe3 Qh4+ 14. g3 Qh3 15.
Bf1 Qh6 16. Qxh6 gxh6 17. Be2 Bh3 18. Bf1 Bxf1 19. Rxf1 Rxf1+ 20. Kxf1 a6 21.
Ke2 Nd7 22. Rf1 Rf8 23. Rxf8+ Kxf8 24. Nd1 Kf7 25. Nf2 h5 26. Nd3 Kf6 27. Nb4
Nc5 28. Ke3 Kg5 29. Nc6 h4 30. e5 dxe5 31. Nxe5 hxg3 32. hxg3 Kf6 33. Kd4 h5 34.
b4 Nb7 35. Nf3 g5 36. c5 bxc5+ 37. bxc5 Kf5 38. Nd2 h4 39. gxh4 gxh4 40. Nf1 h3
41. Nh2 Kf4 42. Nf1 Kf3 43. d6 cxd6 44. c6 Nd8 45. Kd5 Nxc6 46. Kxc6 Kg2 47.
Ne3+ Kf3 48. Nf1 Kg2 49. Ne3+ Kf3 50. Nf1 Kf2 51. Nh2 Kg2 52. Ng4 Kg3 53. Ne3
Kf3 54. Nf1 Kg2 55. Ne3+ Kf2 56. Ng4+ Kg3 1/2-1/2

[Event "ch-RUS Blitz 2016"]
[Site "Sochi RUS"]
[Date "2016.10.04"]
[Round "1.16"]
[White "Mikhailovsky, Vladimir"]
[Black "Popov, Ivan RUS"]
[Result "1-0"]
[BlackTitle "GM"]
[WhiteElo "2202"]
[BlackElo "2596"]
[WhiteFideId "34105414"]
[BlackFideId "4170350"]
[EventDate "2016.10.04"]

1. Nf3 c5 2. c4 g6 3. d4 Bg7 4. e3 Nf6 5. Nc3 O-O 6. Be2 cxd4 7. exd4 d5 8. h3
Nc6 9. O-O b6 10. Be3 Bb7 11. Rc1 dxc4 12. Bxc4 Na5 13. Be2 Rc8 14. Ne5 Nd7 15.
Bf4 Nxe5 16. Bxe5 Bh6 17. Rc2 Nc4 18. Bxc4 Rxc4 19. b3 Rc8 20. Qd3 Qd7 21. Rd1
Rfd8 22. Ne2 Rxc2 23. Qxc2 Qd5 24. f3 Rc8 25. Qd3 Qd7 26. Bf4 Bg7 27. Rc1 h5 28.
Rxc8+ Qxc8 29. Qd2 Ba6 30. Nc3 Qd7 31. Be3 Bb7 32. Qf2 Qf5 33. Qd2 e6 34. Ne2
Bf8 35. Kf2 Be7 36. Ng3 Bh4 37. Bf4 Qb1 38. Be5 Be7 39. Qe2 Qc1 40. Ne4 Bh4+ 41.
g3 Be7 42. h4 Bxe4 43. fxe4 Qa1 44. Qc2 f6 45. Bf4 Qxd4+ 46. Be3 Qd7 47. Qc4 Kf7
48. a4 Qd6 49. Qb5 Qa3 50. Qc4 Qb2+ 51. Kf3 Qh2 52. Bf4 Qh1+ 53. Kf2 Bc5+ 54.
Ke2 Qg2+ 55. Kd1 Qf3+ 56. Kc2 Qf2+ 57. Kb1 Qd4 58. Qxd4 Bxd4 59. b4 e5 60. Bd2
Bf2 1-0

[Event "ch-RUS Blitz 2016"]
[Site "Sochi RUS"]
[Date "2016.10.04"]
[Round "1.17"]
[White "Khismatullin, Denis"]
[Black "Ovod, Evgenija"]
[Result "1-0"]
[WhiteTitle "GM"]
[BlackTitle "IM"]
[WhiteElo "2617"]
[BlackElo "2362"]
[WhiteFideId "4142578"]
[BlackFideId "4131827"]
[EventDate "2016.10.04"]

1. Nf3 d5 2. g3 Nf6 3. Bg2 c6 4. c4 dxc4 5. O-O e6 6. a4 Be7 7. Na3 O-O 8. Nxc4
Nbd7 9. a5 Qc7 10. d4 Nd5 11. e4 Nb4 12. Bf4 Qd8 13. Qb3 c5 14. Rfd1 Na6 15. d5
exd5 16. exd5 Bf6 17. Rd2 g6 18. Re1 Bg7 19. Rde2 Nf6 20. Bd6 Re8 21. Be7 Qxd5
22. Nfe5 Qe6 23. Nxg6 Qf5 24. Nh4 Qh5 25. Re5 Qg4 26. h3 Qd7 27. Bxf6 1-0

[Event "ch-RUS Blitz 2016"]
[Site "Sochi RUS"]
[Date "2016.10.04"]
[Round "1.18"]
[White "Gutkis, Vladimir"]
[Black "Bologan, Victor"]
[Result "0-1"]
[WhiteTitle "FM"]
[BlackTitle "GM"]
[WhiteElo "2194"]
[BlackElo "2640"]
[WhiteFideId "4173325"]
[BlackFideId "13900048"]
[EventDate "2016.10.04"]

1. e4 g6 2. d4 Bg7 3. Nc3 c6 4. Bc4 d6 5. Nf3 Nf6 6. Bb3 Bg4 7. h3 Bxf3 8. Qxf3
Nbd7 9. Bg5 Qc7 10. O-O O-O 11. Ne2 e5 12. c3 a5 13. a4 Qb6 14. Ba2 Rae8 15. Be3
exd4 16. Nxd4 Qxb2 17. Bf4 Nxe4 18. Ne2 Nd2 19. Bxd2 Qxd2 20. Nd4 Bxd4 21. cxd4
Qxd4 22. Rab1 Nc5 23. Rbd1 Qxa4 0-1

[Event "ch-RUS Blitz 2016"]
[Site "Sochi RUS"]
[Date "2016.10.04"]
[Round "1.19"]
[White "Dreev, Aleksey"]
[Black "Gorbatov, Alexej"]
[Result "1-0"]
[WhiteTitle "GM"]
[BlackTitle "IM"]
[WhiteElo "2660"]
[BlackElo "2374"]
[WhiteFideId "4100107"]
[BlackFideId "4111834"]
[EventDate "2016.10.04"]

1. d4 a6 2. Nf3 Nf6 3. g3 e6 4. Bg2 c5 5. O-O d5 6. b3 Nc6 7. Bb2 Be7 8. e3 O-O
9. c4 dxc4 10. bxc4 Qc7 11. Qe2 Rd8 12. Nbd2 Bd7 13. Rfd1 Be8 14. Nb3 cxd4 15.
exd4 Rac8 16. Rac1 Qb8 17. Bh3 b5 18. c5 Nd5 19. Nbd2 a5 20. Ne4 b4 21. Qc2 h6
22. Nfd2 Nf6 23. Nc4 Nxe4 24. Qxe4 Bf6 25. Nd6 Rxd6 26. cxd6 Qxd6 27. Bg2 Ne7
28. Rxc8 Nxc8 29. Qa8 Bd7 30. Rc1 Qf8 31. Qxa5 Nd6 32. Qxb4 Be7 33. Qb3 Qa8 1-0

[Event "ch-RUS Blitz 2016"]
[Site "Sochi RUS"]
[Date "2016.10.04"]
[Round "1.20"]
[White "Babikov, Ivan"]
[Black "Rakhmanov, Aleksandr"]
[Result "0-1"]
[WhiteTitle "FM"]
[BlackTitle "GM"]
[WhiteElo "2259"]
[BlackElo "2662"]
[WhiteFideId "4161106"]
[BlackFideId "4173708"]
[EventDate "2016.10.04"]

1. e4 d5 2. exd5 Qxd5 3. Nc3 Qd6 4. d4 Nf6 5. Nf3 g6 6. g3 Bg7 7. Bf4 Qb6 8. Qd2
c6 9. Bg2 Qa6 10. O-O-O b5 11. a3 O-O 12. Bh6 b4 13. Bxg7 bxc3 14. Qh6 cxb2+ 15.
Kxb2 Ng4 16. Bxf8 Nxh6 17. Bxh6 Be6 18. Ne5 Bd5 19. Bxd5 cxd5 20. Rhe1 Nd7 21.
Nxd7 Qb7+ 0-1

[Event "ch-RUS Blitz 2016"]
[Site "Sochi RUS"]
[Date "2016.10.04"]
[Round "2.1"]
[White "Shtyka, Sergey"]
[Black "Artemiev, Vladislav"]
[Result "0-1"]
[WhiteTitle "FM"]
[BlackTitle "GM"]
[WhiteElo "2248"]
[BlackElo "2663"]
[WhiteFideId "4138465"]
[BlackFideId "24101605"]
[EventDate "2016.10.04"]

1. e4 c5 2. Nf3 d6 3. d4 cxd4 4. Nxd4 Nf6 5. Nc3 a6 6. Bd3 g6 7. O-O Bg7 8. Nb3
O-O 9. a4 Nc6 10. h3 Be6 11. Be3 d5 12. exd5 Nxd5 13. Nxd5 Bxd5 14. Rb1 Rc8 15.
c4 Be6 16. Nc5 Ne5 17. Nxe6 fxe6 18. Be4 Rxc4 19. Qxd8 Rxd8 20. Bxb7 Rxa4 21.
Ra1 Rb4 22. Bxa6 Rxb2 23. Rab1 Ra2 24. Bb5 Kf7 25. Rfd1 Rb2 26. Bf1 Rxb1 27.
Rxb1 Nc6 28. Rc1 Nb4 29. Rb1 Nd5 30. Bg5 Bd4 31. Rb3 Rc8 32. Rf3+ Bf6 33. Bd2
Rc2 34. Be3 Ra2 35. Kh2 Kg7 36. g3 Nxe3 37. Rxe3 Bd4 38. Re2 Ra6 39. Kg2 Rb6 40.
Rc2 e5 41. Bd3 Kf6 42. Be4 h5 43. h4 g5 44. hxg5+ Kxg5 45. Re2 h4 46. gxh4+ Kxh4
47. Bf3 Rg6+ 48. Kf1 Kg5 49. Re4 Rb6 50. Kg2 Kf5 51. Re2 Rg6+ 52. Kf1 Kf4 53.
Be4 Rh6 54. Bg2 Rb6 55. Re4+ Kf5 56. Re2 Rb4 57. Be4+ Kf4 58. Kg2 Bxf2 59. Kxf2
Rxe4 60. Rb2 Ra4 61. Rc2 e4 62. Rb2 e5 63. Ke2 Ra3 64. Rc2 Rh3 65. Rc8 Rh2+ 66.
Ke1 Kf3 67. Rf8+ Ke3 68. Kf1 0-1

[Event "ch-RUS Blitz 2016"]
[Site "Sochi RUS"]
[Date "2016.10.04"]
[Round "2.2"]
[White "Dubov, Daniil"]
[Black "Gubsky, Egor"]
[Result "1-0"]
[WhiteTitle "GM"]
[WhiteElo "2648"]
[BlackElo "2284"]
[WhiteFideId "24126055"]
[BlackFideId "4194055"]
[EventDate "2016.10.04"]

1. d4 Nf6 2. c4 e6 3. g3 c5 4. Nf3 cxd4 5. Nxd4 a6 6. Nc3 Qc7 7. Bg5 Be7 8. Rc1
O-O 9. Bg2 d6 10. O-O Nbd7 11. Bf4 Re8 12. c5 Nxc5 13. b4 e5 14. bxc5 dxc5 15.
Nc6 exf4 16. Nxe7+ Rxe7 17. Na4 fxg3 18. hxg3 c4 19. Qd4 Be6 20. Nc5 Rd8 21.
Nxe6 Rxd4 22. Nxd4 b5 23. e3 Qc5 24. Rfd1 h5 25. a4 b4 26. Nb3 Qc7 27. Rd4 a5
28. Rdxc4 Qb6 29. Rc6 Qa7 30. Nd4 Re8 31. R6c5 h4 32. gxh4 Qb6 33. Rb5 Qd8 34.
Rb7 Ng4 35. Nf3 Re7 36. Rb5 Rc7 37. Rf1 Rc2 38. Rg5 Qd7 39. Nd4 Ra2 40. Bh3 f5
41. Nxf5 Kf8 42. Bxg4 Qxa4 43. Nd4 Ra1 44. Ne6+ Ke7 45. Rxg7+ Kd6 46. Rd7+ Ke5
47. Rxa1 Qxa1+ 48. Kg2 b3 49. Nd4 b2 50. Bf5 b1=Q 51. Bxb1 Qxb1 52. Rg7 a4 53.
Rg5+ Kf6 54. Ra5 Qa1 55. Ra6+ Ke7 56. h5 a3 57. h6 Kf7 58. Ra7+ Kg8 59. Ne6 a2
60. Ng5 Kf8 61. h7 Qb2 62. Rxa2 Qg7 63. h8=Q+ Qxh8 64. Ra8+ 1-0

[Event "ch-RUS Blitz 2016"]
[Site "Sochi RUS"]
[Date "2016.10.04"]
[Round "2.3"]
[White "Rozhko, Dmitry"]
[Black "Vitiugov, Nikita"]
[Result "1-0"]
[WhiteTitle "FM"]
[BlackTitle "GM"]
[WhiteElo "2324"]
[BlackElo "2721"]
[WhiteFideId "4150430"]
[BlackFideId "4152956"]
[EventDate "2016.10.04"]

1. d4 d5 2. Bf4 Nf6 3. e3 e6 4. Nd2 c5 5. c3 Nc6 6. Bd3 Qb6 7. Rb1 Be7 8. Ngf3
Nh5 9. Bg5 Bxg5 10. Nxg5 Nf6 11. O-O Bd7 12. f4 cxd4 13. cxd4 Nxd4 14. Kh1 Bb5
15. Bxb5+ Nxb5 16. e4 h6 17. Nxf7 Kxf7 18. e5 Ne4 19. Nxe4 dxe4 20. f5 Kg8 21.
f6 Nd4 22. Qg4 g5 23. Qxe4 Kf7 24. Rbd1 Rad8 25. Qg4 Kg6 26. Qe4+ Kf7 27. Qg4
Rhg8 28. Qh5+ Rg6 29. Rd3 Nc6 30. Rg3 Qd4 31. Rxg5 Nxe5 32. Rxe5 Qg4 33. Qxg4
Rxg4 34. Rb5 b6 35. h3 Rgd4 36. Rh5 Kg6 37. Rb5 Rd1 38. Rxd1 Rxd1+ 39. Kh2 Kxf6
40. a4 Rd5 41. Rb4 h5 42. Kg3 Kf5 43. Rf4+ Ke5 44. Rc4 Rd3+ 45. Kh2 Rb3 46. Rc2
Kd4 47. g4 hxg4 48. hxg4 Kd3 49. Rg2 Rb4 50. g5 Rh4+ 51. Kg3 Rh8 52. Kf4 Kd4 53.
g6 Rf8+ 54. Kg5 e5 55. g7 Rc8 56. Kf5 e4 57. g8=Q Rxg8 58. Rxg8 e3 59. Rd8+ Kc4
60. Re8 Kd3 61. Kf4 e2 62. Kf3 1-0

[Event "ch-RUS Blitz 2016"]
[Site "Sochi RUS"]
[Date "2016.10.04"]
[Round "2.4"]
[White "Riazantsev, Alexander"]
[Black "Taysayev, Timur"]
[Result "0-1"]
[WhiteTitle "GM"]
[WhiteElo "2651"]
[BlackElo "2241"]
[WhiteFideId "4125029"]
[BlackFideId "4114221"]
[EventDate "2016.10.04"]

1. d4 Nf6 2. c4 e6 3. Nf3 d5 4. Nc3 c6 5. e3 Be7 6. Bd3 O-O 7. O-O dxc4 8. Bxc4
b5 9. Bd3 b4 10. Ne4 Ba6 11. Nxf6+ Bxf6 12. a3 Bxd3 13. Qxd3 c5 14. axb4 cxd4
15. b5 dxe3 16. Qxd8 exf2+ 17. Rxf2 Rxd8 18. Be3 a6 19. Rc2 a5 20. Bb6 Re8 21.
Rxa5 Nd7 22. Ba7 Bd8 23. b6 Nxb6 24. Ra3 Nd5 25. Bd4 Be7 26. Rxa8 Rxa8 27. Kf2
Rb8 28. Ke2 f6 29. g3 g5 30. Kd2 e5 31. Bf2 g4 32. Nh4 Kf7 33. Nf5 Ke6 34. Ng7+
Kf7 35. Nf5 Ke6 36. Ng7+ Kf7 37. Nf5 Ke6 38. Nh4 f5 39. Rc6+ Kd7 40. Rh6 Bg5+ 0-1

[Event "ch-RUS Blitz 2016"]
[Site "Sochi RUS"]
[Date "2016.10.04"]
[Round "2.5"]
[White "Gubernatorov, Sergey"]
[Black "Ponkratov, Pavel"]
[Result "0-1"]
[WhiteTitle "FM"]
[BlackTitle "GM"]
[WhiteElo "2301"]
[BlackElo "2589"]
[WhiteFideId "4148215"]
[BlackFideId "4157800"]
[EventDate "2016.10.04"]

1. c4 Nf6 2. Nc3 e5 3. Nf3 Nc6 4. g3 d5 5. cxd5 Nxd5 6. Bg2 Be6 7. O-O Be7 8. d4
Nxc3 9. bxc3 e4 10. Ne5 Nxe5 11. dxe5 Bf5 12. Qa4+ Qd7 13. Qxd7+ Kxd7 14. Rd1+
Ke6 15. Be3 Rhd8 16. f4 h5 17. Kf2 f6 18. exf6 gxf6 19. Rxd8 Rxd8 20. Ke1 Rd5
21. Rb1 b6 22. Bc1 Ra5 23. Ra1 Bg6 24. e3 f5 25. Bf1 Bf7 26. Bb2 Bc5 27. Kf2 0-1

[Event "ch-RUS Blitz 2016"]
[Site "Sochi RUS"]
[Date "2016.10.04"]
[Round "2.6"]
[White "Andreikin, Dmitry"]
[Black "Oganyan, Arsen"]
[Result "1-0"]
[WhiteTitle "GM"]
[WhiteElo "2736"]
[BlackElo "2282"]
[WhiteFideId "4158814"]
[BlackFideId "4175492"]
[EventDate "2016.10.04"]

1. e4 c5 2. Nf3 Nc6 3. Bb5 g6 4. c3 Bg7 5. d4 cxd4 6. cxd4 d5 7. exd5 a6 8. Ba4
Qxd5 9. Nc3 Qa5 10. O-O Bd7 11. d5 Ne5 12. Bb3 Bg4 13. Re1 Nxf3+ 14. gxf3 Bd7
15. Bf4 Nf6 16. Bd6 O-O 17. Bxe7 Rfe8 18. Qd2 Rxe7 19. Rxe7 Qb4 20. d6 Qh4 21.
Rxf7 Kh8 22. Re1 Bc6 1-0